000 00659nam a22001817a 4500
999 _c15050
_d15050
003 OSt
082 _2631.56 ANI/DE
088 _aP 47
100 _aANIE JOHN S
_aMANOJ P. K
_aMOHAMED NIZAR U. A
_aSATHYAN K
_93756
245 _aDevelopment and testing of a semi mechanical ginger peeler
260 _aTavanur 1996
_bDepartment of Post-Harvest Technology and Agricultural Processing
300 _a58
500 _aDevelopment and testing of a semi mechanical ginger peeler
520 _aAbrasion unit - wooden roller
700 _aEr. Prince M. V (Guide)
_93375
856 _uhttps://drive.google.com/open?id=1PDK_U67MxbmOE5ucKiBu9dcZQ63Mxqtg
942 _cPR